[Event "BL2-O9899"]
[Site "Germany"]
[Date "1999.02.21"]
[Round "6.7"]
[White "Stiller, Juergen"]
[Black "Zunker, Reinhard"]
[Result "1/2-1/2"]
[WhiteElo "2180"]
[BlackElo "2205"]

1.d4 Nf6 2.Bg5 Ne4 3.Bf4 c5 4.f3 Nf6 5.dxc5 Qa5+ 6.c3 Qxc5 7.Qd4 e6 8.Nd2 Nd5
9.Nh3 Qxd4 10.cxd4 Nc6 11.e3 f6 12.Kf2 g5 13.Bg3 h5 14.Ne4 g4 15.fxg4 hxg4
16.Nf4 Nxf4 17.Bxf4 Be7 18.Nd6+ Kf8 19.Rd1 e5 20.dxe5 fxe5 21.Bg3 Bxd6 22.Rxd6 Ke7
23.Rg6 d6 24.Bc4 Nd8 25.Rd1 Be6 26.Bxe6 Nxe6 27.Rxg4 Rac8 28.Rd2 Rc1 29.Ke2 a5
30.h3 Nc5 31.b3 Rc8 32.Bh4+ Kd7 33.Bf6 Ke6 34.Bh4 Kd7 35.b4 axb4 36.Rxb4 Kc6
37.Be7 d5 38.Rdb2 Ne4 39.Rxb7 Rc7 40.Rxc7+ Kxc7 41.Kf3 Rf1+ 42.Kg4 Nf2+ 43.Kg5 Kd7
44.Bb4 Ke6 45.Rc2 d4 46.exd4 exd4 47.a3 Ne4+  1/2-1/2

[Event "BL9899 (Women)"]
[Site "Germany"]
[Date "1999.02.28"]
[Round "9.2"]
[White "Lomineishvili, Maia"]
[Black "Weng, Annegret"]
[Result "1-0"]
[WhiteElo "2375"]
[BlackElo "2154"]

1.d4 Nf6 2.Bg5 Ne4 3.Bf4 d5 4.f3 Nf6 5.e4 dxe4 6.Nc3 Bf5 7.Bc4 e6 8.Qd2 Bb4
9.a3 Ba5 10.b4 Bb6 11.Nge2 exf3 12.gxf3 Qd7 13.Be5 Qe7 14.Ng3 Bg6 15.h4 h5
16.Bb5+ Nbd7 17.Na4 c6 18.Nxb6 axb6 19.Be2 Nxe5 20.dxe5 Nd5 21.Kf2 b5 22.f4 Qc7
23.Qd4 f6 24.Rhf1 fxe5 25.fxe5 O-O+ 26.Kg1 Rxf1+ 27.Rxf1 Rxa3 28.Nxh5 Qb6
29.Qxb6 Nxb6 30.Nf4 Bf5 31.Bd3 Bg4 32.Ng6 Ra8 33.Ne7+ Kh8 34.Ng6+ Kg8 35.Ne7+ Kh8
36.Kg2 Bh5 37.Kg3 Re8 38.Ng6+ Kg8 39.Ra1 Nd5 40.Nf4 Nxf4 41.Kxf4 Rd8 42.Kg5 Bf7
43.Ra7 Rb8 44.Bg6 Kf8 45.Ra3 Rd8 46.h5 Ke7 47.Rf3 Bg8 48.Ra3 Bf7 49.Ra7 Rd7
50.c3 Rc7 51.Ra8 c5 52.Rb8 cxb4 53.cxb4 Rd7 54.Rc8 Bxg6 55.Kxg6 Rd4 56.Rc7+ Kf8
57.Rf7+ Ke8 58.Rxg7 Rg4+ 59.Kf6 Rh4 60.Kxe6 Kf8 61.Rf7+ Kg8 62.Rxb7 Rxb4
63.Kf6 Rf4+ 64.Kg5 Rf1 65.Rxb5 Rg1+ 66.Kf6 Rf1+ 67.Kg6 Rg1+ 68.Kh6 Kf7 69.Rb6 Re1
70.Rf6+ Ke7 71.Rf5 Ke6 72.Rg5 Ra1 73.Kg6 Ra8 74.h6 Rg8+ 75.Kh5 Rh8 76.Rg7 Kxe5
77.Kg6 Rf8 78.h7 Rf6+ 79.Kg5 Rf5+ 80.Kg4 Rf4+ 81.Kg3  1-0

[Event "Manhattan March Int"]
[Site "New York"]
[Date "1999.03.09"]
[Round "4"]
[White "Negulescu, Adrian"]
[Black "Ady, Jonathan James"]
[Result "1/2-1/2"]
[WhiteElo "2452"]
[BlackElo "2412"]

1.d4 Nf6 2.Bg5 Ne4 3.Bf4 c5 4.d5 Qb6 5.Qc1 c4 6.e3 Qa5+ 7.Nd2 c3 8.bxc3 Nxc3
9.Ngf3 Nxd5 10.Bg3 Nc6 11.Bc4 e6 12.O-O Ba3 13.Qb1 Nc3 14.Qb3 O-O 15.Bd3 b5
16.Nb1 Nxb1 17.Raxb1 a6 18.c4 bxc4 19.Qxc4 Be7 20.Be4 Ra7 21.Bxc6 dxc6 22.Nd4 Bd7
23.Nxc6 Bxc6 24.Qxc6 e5 25.Rb7  1/2-1/2

[Event "Novgorod op"]
[Site "Novgorod"]
[Date "1999.03.19"]
[Round "10"]
[White "Chepukaitis, Genrikh"]
[Black "Sambuev, Bator"]
[Result "1/2-1/2"]
[WhiteElo "2415"]
[BlackElo "2409"]

1.d4 Nf6 2.Bg5 Ne4 3.Bh4 d5 4.f3 Nf6 5.Nc3 e6 6.e4 Be7 7.Bf2 b6 8.e5 Nfd7
9.f4 c5 10.Nf3 Ba6 11.Nb5 O-O 12.c3 Nc6 13.a4 cxd4 14.Nbxd4 Nxd4 15.Nxd4 Bxf1
16.Kxf1 Nc5 17.g3 Qd7 18.Kg2 f6 19.exf6 Rxf6 20.Nf3 Raf8 21.Re1 Bd6 22.Bd4 Rf5
23.Re3 Ne4 24.Qe2 Qe8 25.a5 b5 26.a6 Rh5 27.Rxe4 dxe4 28.Qxe4 Rhf5 29.Re1 Bxf4
30.Bxa7 Bc7 31.Re3 Qa8 32.Qb7 h6 33.b4 e5 34.c4 bxc4 35.Rc3 Qxb7 36.axb7 Bb8
37.Bc5 R8f7 38.Nd2 Rxb7 39.Nxc4 Kh7 40.Rd3 Rf6 41.Na5 Rc7 42.Rd5 Re6 43.Kf3 e4+
44.Ke3 Rf7 45.b5 Ba7 46.Nc6 Bxc5+ 47.Rxc5 Rf3+ 48.Ke2 Rd6 49.Rc4 Rb3 50.Nd4 Ra3
51.Rb4 Rb6 52.Nc6 e3 53.Nd4 Rf6 54.Rb3 Rxb3 55.Nxb3 Rf2+ 56.Kxe3 Rb2 57.Nd4 Rxh2
58.Kd3 Rg2 59.Kc4 Rxg3 60.b6 Re3 61.b7 Re8 62.Kc5 h5 63.Kd6 Rb8 64.Kc7 Rxb7+
65.Kxb7 g5 66.Kc6 h4 67.Kd5 h3 68.Ne2 Kg6  1/2-1/2

[Event "BCF-chT 98/99 (4NCL)"]
[Site "GBR"]
[Date "1999.03.20"]
[Round "7"]
[White "Dishman, Stephen"]
[Black "Simons, Martin"]
[Result "1/2-1/2"]
[WhiteElo "2365"]
[BlackElo "2233"]

1.d4 Nf6 2.Bg5 Ne4 3.Bf4 c5 4.f3 Qa5+ 5.c3 Nf6 6.Nd2 cxd4 7.Nb3 Qb6 8.Qxd4 Nc6
9.Qxb6 axb6 10.Be3 e5 11.Bxb6 d5 12.e4 Be6 13.Bb5 Nd7 14.Bf2 dxe4 15.Nd2 exf3
16.Ngxf3 Be7 17.O-O O-O 18.a4 Rfd8 19.b4 Rac8 20.a5 Ncb8 21.Rfc1 g5 22.Be3 h6
23.Rab1 f5 24.g3 f4 25.gxf4 gxf4 26.Ba7 Bf5 27.Rb3 Nc6 28.Bxc6 Rxc6 29.Re1 Rg6+
30.Kf2 Ra6 31.Bd4 Bf6 32.Bc5 Nxc5 33.bxc5 Rxd2+ 34.Nxd2 Bh4+ 35.Ke2 Bxe1
36.Kxe1 Rxa5 37.Rxb7 Rxc5 38.c4 Bd3 39.Re7 Kf8 40.Re6 h5 41.Nf3 Bxc4  1/2-1/2

[Event "BCF-chT 98/99 (4NCL)"]
[Site "GBR"]
[Date "1999.03.20"]
[Round "7"]
[White "Bates, Ruth"]
[Black "Jackson, Sheila"]
[Result "0-1"]
[WhiteElo "2015"]
[BlackElo "2168"]

1.d4 Nf6 2.Bg5 Ne4 3.Bh4 c5 4.f3 g5 5.fxe4 gxh4 6.e3 Bh6 7.Kf2 cxd4 8.exd4 Nc6
9.c3 e5 10.Nf3 d6 11.Na3 Bg4 12.Be2 O-O 13.Nc4 f5 14.dxe5 fxe4 15.Qd5+ Kh8
16.Qxe4 Bxf3 17.Bxf3 d5 18.Qe2 dxc4 19.Rad1 Qb6+ 20.Ke1 Rae8 21.Bxc6 Qxc6
22.Rd6 Qc5  0-1

[Event "BCF-chT 98/99 (4NCL)"]
[Site "GBR"]
[Date "1999.03.20"]
[Round "7"]
[White "Pert, Richard G"]
[Black "Turner, Matthew"]
[Result "1/2-1/2"]
[WhiteElo "2288"]
[BlackElo "2463"]

1.d4 Nf6 2.Bg5 Ne4 3.Bf4 c5 4.f3 Qa5+ 5.c3 Nf6 6.Nd2 cxd4 7.Nb3 Qd8 8.cxd4 d5
9.e3 e6 10.Bd3 Bb4+ 11.Kf2 Nc6 12.Ne2 O-O 13.g4 Re8 14.Bc2 a5 15.h4 a4 16.Nbc1 a3
17.b3 Bd6 18.Nd3 Bxf4 19.Nexf4 b6 20.b4 Qd6 21.b5 e5 22.bxc6 exf4 23.Nxf4 Ba6
24.Qd2  1/2-1/2

[Event "BCF-chT 98/99 (4NCL)"]
[Site "GBR"]
[Date "1999.03.20"]
[Round "7"]
[White "Houska, Miroslav"]
[Black "Cafferty, Bernard"]
[Result "0-1"]
[WhiteElo "2375"]
[BlackElo "2221"]

1.d4 Nf6 2.Bg5 Ne4 3.h4 d5 4.Nd2 Nd6 5.c3 c6 6.Qc2 Bf5 7.Qb3 Nd7 8.Ngf3 Qb6
9.e3 e6 10.Be2 Ne4 11.Bf4 Be7 12.Qxb6 axb6 13.Nxe4 Bxe4 14.a3 h5 15.Kd2 O-O
16.Ne1 Bg6 17.g4 hxg4 18.Bxg4 Nf6 19.Be2 Ne4+ 20.Kc1 Nxf2 21.Rh2 Ne4 22.h5 Bh7
23.Bd3 Nd6 24.Bxd6 Bxd6 25.Bxh7+ Kxh7 26.Rh3 e5 27.Kd2 Rae8 28.Nc2 Re6 29.Rf1 f5
30.Ne1 f4 31.exf4 exd4 32.f5 Re4 33.Rhf3 dxc3+ 34.Kxc3 Rh4 35.Kb3 Rf6 36.Ng2 Rxh5
37.Ne3 Rg5 38.Rh3+ Kg8 39.Rfh1 Rg3 40.Rh8+ Kf7 41.R8h3 Rxh3 42.Rxh3 Bc5 43.Nxd5 cxd5
44.Kc3 Rxf5 45.b4 Be7 46.a4 Rf4  0-1

[Event "BCF-chT 98/99 (4NCL)"]
[Site "GBR"]
[Date "1999.03.21"]
[Round "8"]
[White "Bates, Ruth"]
[Black "Buckley, Melanie"]
[Result "0-1"]
[WhiteElo "2015"]
[BlackElo "2055"]

1.d4 Nf6 2.Bg5 Ne4 3.Bh4 c5 4.f3 g5 5.fxe4 gxh4 6.e3 Bh6 7.Kf2 cxd4 8.exd4 e5
9.Nf3 Nc6 10.Nc3 exd4 11.Nd5 Bg7 12.Qd2 d6 13.Qf4 Ne5 14.Bb5+ Kf8 15.Qxh4 Qxh4+
16.Nxh4 Be6 17.Nf5 Bxf5 18.exf5 Ng4+ 19.Kf3 Nf6 20.Nxf6 Bxf6 21.Rhe1 Be5
22.h3 Rc8 23.Bd3 h5 24.g3 f6 25.Rh1 Ke7 26.g4 Rcg8 27.Rae1 Rg7 28.b3 Kd7
29.Be2 Rgh7 30.Kg2 hxg4 31.hxg4 Rh2+ 32.Rxh2 Rxh2+ 33.Kf3 d5 34.Rg1 Rh3+
35.Kf2 Bf4 36.Rg2  0-1

[Event "BL2-W9899"]
[Site "Germany"]
[Date "1999.03.21"]
[Round "8.8"]
[White "Gupta, Milon"]
[Black "Oswald, Hans Joachim"]
[Result "1/2-1/2"]
[WhiteElo "2255"]
[BlackElo "2295"]

1.d4 Nf6 2.Bg5 Ne4 3.Bf4 c5 4.f3 Qa5+ 5.c3 Nf6 6.d5 e6 7.e4 exd5 8.exd5 d6
9.Na3 Be7 10.Nc4 Qc7 11.a4 O-O 12.g4 Re8 13.Kf2 b6 14.Ne3 Bb7 15.Bb5 Nbd7
16.Ne2 a6 17.Bxd7 Nxd7 18.c4 Bf6 19.Qd2 Ne5 20.Nc3 Ng6 21.Nf5 Nxf4 22.Qxf4 Be5
23.Qg5 Qd8 24.Qxd8 Raxd8 25.Rae1 g6 26.Ng3 Bc8 27.Nce2 Bd7 28.b3 b5 29.axb5 axb5
30.Ne4 f5 31.gxf5 Bxf5 32.N2g3 Bh3 33.Ne2 Bf5 34.N4g3 Bc2 35.f4 Bb2 36.cxb5 Rb8
37.Nc1 Bd4+ 38.Kf3 Rxe1 39.Rxe1 Rxb5 40.Re6 Rb6 41.Ne4 Bxe4+ 42.Kxe4 Kf7
43.Kd3 Bf6 44.Kc2 Ra6 45.h3 Bg7 46.Kb1 Ra1+ 47.Kc2  1/2-1/2

[Event "BL2-O9899"]
[Site "Germany"]
[Date "1999.03.21"]
[Round "8.3"]
[White "Pribyl, Martin"]
[Black "Zude, Erik"]
[Result "1/2-1/2"]
[WhiteElo "2355"]
[BlackElo "2355"]

1.d4 Nf6 2.Bg5 Ne4 3.Bh4 d5 4.f3 Nf6 5.Nc3 e6 6.e4 Be7 7.e5 Nfd7 8.Bxe7 Qxe7
9.f4 O-O 10.Nf3 c5 11.Bd3 f6 12.exf6 Qxf6 13.g3 cxd4 14.Nxd4 Nc6 15.Nf3 Nde5
16.Nxe5 Nxe5 17.O-O Nc6 18.Qh5 g6 19.Qe2 Bd7 20.Rae1 Rac8 21.Nd1 b5 22.c3 b4
23.cxb4 Nxb4 24.Bb1 Rc5 25.Qd2 Nc6 26.Nf2 Qd4 27.Qxd4 Nxd4 28.Nd3 Rc7 29.Kg2 Rfc8
30.Rc1 Nc2 31.Bxc2 Rxc2+ 32.Rxc2 Rxc2+ 33.Rf2 Rc7 34.Kf3 Kf8 35.Ke3 Rc4 36.Kd2 Ke7
37.h4 Bb5 38.Ne5 Rd4+ 39.Kc2 Re4 40.Rf3 d4 41.a4 d3+ 42.Nxd3 Bxd3+ 43.Rxd3 Rxa4
44.Rb3 Kf6 45.Rb7 h5 46.Rb5 Ra1 47.Kc3 Re1 48.Kd4 Rd1+ 49.Kc4 Rc1+ 50.Kb4 Rd1
51.Kc4 Rc1+ 52.Kd4 Rg1 53.Rg5 Rd1+ 54.Kc5 Rd5+ 55.Rxd5 exd5 56.Kxd5 Kf5 57.b4 Kg4
58.b5 Kxg3 59.Kc6 Kxh4 60.Kb7 Kg4 61.Kxa7 h4 62.b6 h3 63.b7 h2 64.b8=Q h1=Q
65.Qc8+ Kg3 66.Qc3+ Qf3 67.Qf6 Qd3 68.Kb6 Qf5 69.Qd6 Kg4 70.Kc6 Kf3 71.Kb6 Qc2
72.Kb7 Kg4 73.Qf6 Qe4+ 74.Kb6 Kf3 75.Qd6 Qe8 76.Qf6 Ke4 77.Kc7 Kd5 78.f5  1/2-1/2

[Event "BL2-O9899"]
[Site "Germany"]
[Date "1999.03.21"]
[Round "8.4"]
[White "Lorenz, Gerd"]
[Black "Balcerak, Jakob"]
[Result "0-1"]
[WhiteElo "2350"]
[BlackElo "2300"]

1.d4 Nf6 2.Bg5 Ne4 3.Bf4 d5 4.e3 c5 5.Nf3 Nc6 6.c3 Qb6 7.Qc1 cxd4 8.exd4 Bg4
9.Nbd2 Nxd2 10.Nxd2 Rc8 11.Qb1 e6 12.Bd3 Ne7 13.Qc2 a6 14.Qa4+ Qc6 15.Qb3 Bf5
16.Bxf5 Nxf5 17.Nf3 Bd6 18.Be5 O-O 19.O-O b5 20.a4 Qc4 21.Qd1 Qc6 22.Qb3 Rb8
23.axb5 Rxb5 24.Qa4 Rfb8 25.Bxd6 Nxd6 26.Ne5 Qc7 27.Qxa6 Rxb2 28.Qc6 Qxc6
29.Nxc6 Re8 30.Rfb1 Rxb1+ 31.Rxb1 Kf8 32.f3 Rc8 33.Rb6 Nc4 34.Ra6 Ke8 35.Kf2 Kd7
36.Nb4 Nd6 37.Nd3 Rxc3 38.Ne5+ Ke7 39.Ra7+ Ke8 40.Ra6 Rc2+ 41.Kg1 Nc8 42.h4 Ne7
43.Ra8+ Rc8 44.Ra6 f6 45.Nd3 Kf7 46.Nc5 e5 47.Nb7 Rc1+ 48.Kh2 exd4 49.Nd6+ Ke6
50.Nb5+ Ke5 51.f4+ Kxf4 52.Nxd4 Kg4 53.Rd6 Re1 54.Rd8 Re4 55.Rd7 h5 56.Nb5 Nf5
57.Nc3 Re5 58.Nxd5 Kxh4 59.Nf4 Kg5 60.Nh3+ Kh6 61.Nf4 g5 62.Nd3 Re7 63.Rd5 Ne3
64.Rd8 Ng4+ 65.Kg1 h4  0-1

[Event "BL2-N9899"]
[Site "Germany"]
[Date "1999.03.21"]
[Round "8.7"]
[White "Federau, Juergen"]
[Black "Virnik, Elena"]
[Result "1-0"]
[WhiteElo "2250"]
[BlackElo "2160"]

1.d4 Nf6 2.Bg5 Ne4 3.Bf4 c5 4.f3 Qa5+ 5.c3 Nf6 6.d5 Qb6 7.b3 g6 8.e4 d6 9.Bc4 Bg7
10.Ne2 O-O 11.O-O Nbd7 12.a4 a6 13.a5 Qc7 14.Nd2 Nh5 15.Be3 Ne5 16.Ra2 f5
17.exf5 gxf5 18.f4 Nxc4 19.Nxc4 Bd7 20.Nb6 Rad8 21.b4 Nf6 22.bxc5 dxc5 23.c4 Ne4
24.Qc1 Be8 25.Ng3 Nd6 26.Rd1 Nc8 27.Qa3 Bd4 28.Bxd4 cxd4 29.Nxc8 Rxc8 30.Rxd4 b5
31.axb6 Qxb6 32.Qb2 Qa7 33.Qf2 Rf6 34.Re2 Kf8 35.h3 a5 36.Kh2 a4 37.Ra2 Qc5
38.Qd2 Bd7 39.Qd3 Qb4 40.Nh5 Rb6 41.Qe2 Qd6 42.Qe5 Qg6 43.Re2 Re8 44.c5 Rb3
45.c6 Bxc6 46.dxc6 Qxh5 47.c7 Rc3 48.Rd8 Rxd8  1-0

[Event "BL2-O9899"]
[Site "Germany"]
[Date "1999.03.21"]
[Round "8.7"]
[White "Stiller, Juergen"]
[Black "Richter, Sergio"]
[Result "1-0"]
[WhiteElo "2180"]
[BlackElo "2265"]

1.d4 Nf6 2.Bg5 Ne4 3.Bf4 d5 4.e3 g6 5.Bd3 Nd6 6.Nf3 Bg7 7.Nbd2 O-O 8.h4 Bg4
9.h5 Nd7 10.hxg6 hxg6 11.c3 e5 12.dxe5 Nxe5 13.Bxe5 Bxe5 14.Qa4 Bd7 15.Qb3 Bf6
16.Qxd5 Be6 17.Qa5 Nf5 18.Bc2 Qe7 19.O-O-O b6 20.Qa6 Nd6 21.e4 Bg7 22.e5 Nf5
23.g4 Nh6 24.g5 Ng4 25.Rde1 Rfd8 26.Ne4 Kf8 27.Nf6 Qc5 28.Qa4 Qxf2 29.Qf4 Rd2
30.Qxd2 Qxf3 31.Bd1 Nxe5 32.Bxf3 Nxf3 33.Qd3 Nxe1 34.Rxe1 Ke7 35.Qd7+ Kf8
36.Qxc7 Rc8 37.Qd6+  1-0

[Event "Team Match 2nd"]
[Site "San Francisco"]
[Date "1999.03.28"]
[Round "3"]
[White "Hergott, Deen"]
[Black "Russell, Richard"]
[Result "1-0"]
[WhiteElo "2390"]
[BlackElo "2300"]

1.d4 Nf6 2.Bg5 Ne4 3.Bf4 c5 4.f3 Nf6 5.d5 Qb6 6.Nc3 Qxb2 7.Bd2 Qb6 8.e4 d6
9.f4 e6 10.Rb1 Qd8 11.Bb5+ Bd7 12.dxe6 fxe6 13.e5 dxe5 14.fxe5 Nd5 15.Qg4 Nc6
16.Nf3 Nxc3 17.Bxc3 Qe7 18.O-O h6 19.Nh4 Qg5 20.Qe4 h5 21.Rbd1 O-O-O 22.Ng6 Rg8
23.Rxd7 Kxd7 24.Rf7+ Kc8 25.Bxc6 c4 26.Nxf8 Rgxf8 27.Bxb7+ Kb8 28.Rxf8 Rxf8
29.Ba6 Qc1+ 30.Be1 Qb1 31.Bxc4 g5 32.Bb3 Rf4 33.Qe2 h4 34.g3 Rf5 35.Kg2 Qb2
36.Qb5+ Kc7 37.Ba5+  1-0

[Event "Team Match 2nd"]
[Site "San Francisco"]
[Date "1999.03.28"]
[Round "3"]
[White "Rey, Guillermo"]
[Black "Keatinge Clay, Adrian"]
[Result "0-1"]
[WhiteElo "2346"]
[BlackElo "2295"]

1.d4 Nf6 2.Bg5 Ne4 3.Bf4 d5 4.e3 Nd7 5.Nf3 g6 6.c4 dxc4 7.Bxc4 Bg7 8.Nc3 Nxc3
9.Bxf7+ Kxf7 10.Ng5+ Ke8 11.Qb3 Nc5 12.Qf7+ Kd7 13.dxc5 Qg8 14.bxc3 Bxc3+
15.Ke2 Qxf7 16.Nxf7 Bxa1 17.Rxa1 Rf8 18.Rd1+ Ke8 19.Ng5 h6 20.Ne4 Bf5 21.Nc3 g5
22.Be5 c6 23.e4 Be6 24.Rb1 Bc4+ 25.Ke3 Ba6 26.Bg7 Rg8 27.Bd4 Rd8 28.e5 Kf7
29.Ne4 Rd7 30.Ng3 Rgd8 31.Rb4 Bb5 32.Nf5 a5 33.Rb2 h5 34.f3 Bc4 35.g4 Kg6
36.Rg2 Be6 37.h4 hxg4 38.fxg4 gxh4 39.Nxh4+ Kh6 40.Nf3 Bd5 41.e6 Bxf3 42.Rh2+ Kg5
43.exd7 Bxg4 44.Bc3 a4 45.Rd2 Be6 46.Ba5 Rxd7 47.Rxd7 Bxd7 48.Ke4 Kf6 49.Bc3+ Ke6
50.a3 Be8 51.Ba5 Bg6+ 52.Kd4 Bc2 53.Bd8 Bb1 54.Bc7 Kf5 55.Bb8 Ba2 56.Bc7 Kg4
57.Bd8 e6 58.Bc7 Kf3 59.Ba5 Ke2 60.Bc7 Kd2  0-1

[Event "Team Match 2nd"]
[Site "San Francisco"]
[Date "1999.03.30"]
[Round "7"]
[White "Rey, Guillermo"]
[Black "Russell, Richard"]
[Result "1-0"]
[WhiteElo "2346"]
[BlackElo "2300"]

1.d4 Nf6 2.Bg5 Ne4 3.Bf4 c5 4.f3 Qa5+ 5.c3 Nf6 6.d5 Qb6 7.b3 e6 8.e4 exd5
9.exd5 Bd6 10.Bg5 O-O 11.Bxf6 Re8+ 12.Ne2 gxf6 13.Nd2 Bf8 14.Nc4 Qd8 15.a4 d6
16.Qd3 Bh6 17.Kf2 f5 18.f4 Qf6 19.g3 Na6 20.Bh3 Bd7 21.Ne3 Re4 22.Bg2 Re7
23.Rhe1 Rae8 24.Nc4 Bg7 25.Rac1 Nc7 26.Na5 Bc8 27.Bf3 Na6 28.Qd2 Qh6 29.h4 Nb8
30.Ng1 Qf6 31.Rxe7 Qxe7 32.Nc4 Kf8 33.Ne3 Qf6 34.Qd3 Na6 35.Bg2 Nc7 36.Nf3 b6
37.Bh3 Ba6 38.c4 Qb2+ 39.Qc2 Qf6 40.Qxf5 Qb2+ 41.Qc2 Qa3 42.Re1 Qb2 43.Qxb2 Bxb2
44.Nd1 Rxe1 45.Kxe1 Bg7 46.Ng5 h6 47.Ne4 Ke7 48.Ne3  1-0

[Event "Neckar op 3rd"]
[Site "Deizisau"]
[Date "1999.04.01"]
[Round "1"]
[White "Grill, Bernd"]
[Black "Kekelidze, Mikheil"]
[Result "0-1"]
[WhiteElo "2080"]
[BlackElo "2439"]

1.d4 Nf6 2.Bg5 Ne4 3.Bf4 d5 4.f3 Nf6 5.e4 e6 6.e5 Nfd7 7.c3 c5 8.Be3 Qb6
9.Qd2 Nc6 10.f4 a5 11.Nf3 a4 12.Kf2 Be7 13.Bd3 c4 14.Be2 a3 15.Nxa3 Bxa3
16.bxa3 Rxa3 17.Rhc1 O-O 18.Kg1 Qa5 19.Qb2 b5 20.Bd2 Qa6 21.Rcb1 Ra5 22.Bd1 Nb6
23.a3 Bd7 24.Bc1 f6 25.Qd2 f5 26.Bb2 Nc8 27.a4 bxa4 28.Ba3 N8e7 29.Bb4 Nxb4
30.cxb4 Rb5 31.Bxa4 Ra8 32.Bxb5 Qxa1 33.Rxa1 Rxa1+ 34.Kf2 Bxb5 35.Ng5 Ra6
36.h3 h6 37.Nf3 Ra3 38.Ne1 Nc6 39.Kg1 Rb3 40.Qa2 Nxd4 41.Qa7 Ne2+ 42.Kh2 Kh7
43.Qb6 Bd7 44.Qd6 Bc8 45.Qc6 Rxb4 46.Qxc8 Nxf4 47.g3 Rb2+ 48.Kh1 Ne2 49.Qxe6 Nxg3+
50.Kg1 c3 51.Qxd5 c2 52.Nxc2 Rxc2 53.Qf3 Rc3 54.Qb7 Ne2+ 55.Kf2 Nf4 56.Qd7 Nxh3+
57.Kf1 Rc1+ 58.Kg2 Nf4+ 59.Kh2 Ng6 60.Qxf5 Rc5 61.Qe4 Rxe5 62.Qd3 h5 63.Kg3 Rg5+
64.Kh2 h4 65.Qe4 Re5 66.Qd3 Kh6 67.Qd2+ Kh5 68.Qd1+ Kg5 69.Qg1+ Kf6 70.Qf2+ Rf5
71.Qd4+ Re5 72.Qd6+ Kg5 73.Qd2+ Kf5 74.Qd3+ Kg5 75.Qd2+ Nf4 76.Qd8+ Kg4 77.Qd7+ Ne6
78.Qd1+ Kg5 79.Qd2+ Kg6 80.Qd3+ Kh6 81.Qd2+ g5 82.Qd6 Re2+ 83.Kg1 Kh5 84.Qd1 Kg4  0-1

[Event "Team Match 2nd"]
[Site "San Francisco"]
[Date "1999.04.01"]
[Round "9"]
[White "Rey, Guillermo"]
[Black "Shakhnazarov, Oleg"]
[Result "1-0"]
[WhiteElo "2346"]
[BlackElo "2230"]

1.d4 Nf6 2.Bg5 Ne4 3.Bf4 e6 4.e3 d5 5.Nd2 c6 6.Nxe4 dxe4 7.f3 Qb6 8.Rb1 c5
9.fxe4 Nc6 10.Nf3 e5 11.Nxe5 cxd4 12.Nxc6 bxc6 13.Qxd4 Qa5+ 14.Kf2 Be6 15.b4 Qxa2
16.Bd3 Qa3 17.Rhd1 Rd8 18.Qe5 Qa4 19.b5 Rg8 20.bxc6 Bd6 21.c7 Kd7 22.cxd8=Q+  1-0

[Event "Dreifluesse op 7th"]
[Site "Passau"]
[Date "1999.04.02"]
[Round "1"]
[White "Monteforte Fink, Klaus"]
[Black "Lentrodt, Thomas"]
[Result "0-1"]
[WhiteElo "1888"]
[BlackElo "2300"]

1.d4 Nf6 2.Bg5 Ne4 3.Bh4 c5 4.f3 Nf6 5.d5 Qb6 6.b3 d6 7.e4 g6 8.Nd2 Bg7 9.Bd3 Qa5
10.Ne2 b5 11.a4 bxa4 12.Rxa4 Qc7 13.O-O Nbd7 14.Nc4 Nb6 15.Nxb6 Qxb6 16.Qd2 Nd7
17.f4 O-O 18.Kh1 Re8 19.Bc4 Qb8 20.Ra3 Nb6 21.Bb5 Bd7 22.Bxd7 Nxd7 23.c3 Nf6
24.Bxf6 Bxf6 25.f5 Qb5 26.Rfa1 Qd7 27.g4 Reb8 28.Qa2 Rb7 29.Rb1 Kg7 30.Kg2 e6
31.dxe6 fxe6 32.b4 exf5 33.exf5 Qc6+ 34.Kh3 Qf3+ 35.Ng3 h5 36.Qe2 hxg4+  0-1

[Event "Rheinhessen-ch HT1 op"]
[Site "Woerrstadt"]
[Date "1999.04.02"]
[Round "6"]
[White "Baitinger, Michael"]
[Black "Stassen, Arno"]
[Result "1/2-1/2"]
[WhiteElo "2159"]
[BlackElo "2026"]

1.d4 Nf6 2.Bg5 Ne4 3.Bf4 d5 4.f3 Nf6 5.Nc3 c5 6.e3 e6 7.Nh3 a6 8.a3 cxd4
9.exd4 Nc6 10.Qd2 b5 11.Ne2 Bb7 12.Nf2 Qb6 13.Be3 Rc8 14.Nd3 b4 15.Nc5 bxa3
16.Rxa3 Nxd4 17.Bxd4 Bxc5 18.Rb3 Qa7 19.Bxc5 Rxc5 20.Qd4 Nd7 21.Qxg7 Rf8
22.Qxh7 Ra5 23.Ra3 Rxa3 24.bxa3 Ne5 25.Qh4 Nc4 26.Qd4 Qxd4 27.Nxd4 Nxa3 28.Kd2 Kd7
29.Bd3 e5 30.Nb3 Kd6 31.Na5 Bc8 32.c4 f5 33.Ra1 dxc4 34.Nxc4+ Nxc4+ 35.Bxc4 Rh8
36.h3 Rh7 37.Ra5 Bb7 38.Bxa6 Bxf3 39.gxf3 Rxh3 40.Bb7 Rh2+ 41.Ke3 Rh3 42.Kf2 e4
43.fxe4 fxe4 44.Bxe4 Rc3 45.Bf3 Ke6 46.Kg3 Kf6 47.Kf4 Rc4+ 48.Be4 Rb4 49.Ra6+ Kg7
50.Rd6 Kf7 51.Ke5 Ke7 52.Ra6 Rb5+ 53.Bd5 Rb2 54.Ra7+ Kf8 55.Be6 Rf2 56.Bf5 Ke8
57.Kf6 Kd8 58.Rd7+ Ke8 59.Rd4 Rf1 60.Rc4 Rd1 61.Rc8+ Rd8 62.Rc7 Ra8 63.Rd7 Ra6+
64.Be6 Rb6 65.Rc7 Rb8 66.Rg7 Kd8 67.Rg8+ Kc7 68.Rxb8 Kxb8  1/2-1/2

[Event "EST-chT"]
[Site "Tallinn"]
[Date "1999.04.03"]
[Round "2"]
[White "Neff, Sergei"]
[Black "Seeman, Tarvo"]
[Result "0-1"]
[WhiteElo "2230"]
[BlackElo "2440"]

1.d4 Nf6 2.Bg5 Ne4 3.Bf4 d5 4.f3 Nf6 5.c4 c6 6.e3 g6 7.Nc3 Bg7 8.h4 O-O 9.Qb3 dxc4
10.Bxc4 b5 11.Bd3 a5 12.Nge2 Na6 13.Rc1 a4 14.Qd1 Nb4 15.Bb1 a3 16.b3 Nd7
17.Qd2 e5 18.Bg5 f6 19.Ne4 Qa5 20.f4 fxg5 21.hxg5 exf4 22.exf4 Nb6 23.Rc5 N6d5
24.O-O Bg4 25.N2c3 Nxc3 26.Qxc3 Bf5 27.g4 Bxe4 28.Bxe4 Nxa2  0-1

[Event "Dreifluesse op 7th"]
[Site "Passau"]
[Date "1999.04.04"]
[Round "5"]
[White "Reinartz, Ulrich"]
[Black "Wichert, Joerg"]
[Result "0-1"]
[WhiteElo "1798"]
[BlackElo "2023"]

1.d4 Nf6 2.Bg5 Ne4 3.Bf4 d5 4.f3 Nf6 5.Qd3 b6 6.e4 Ba6 7.Qc3 Bxf1 8.Kxf1 dxe4
9.Bxc7 Qd7 10.Be5 Nc6 11.Bxf6 exf6 12.Ne2 Rc8 13.Qe3 Bd6 14.Qxe4+ Kd8 15.c3 Re8
16.Qd3 f5 17.Nd2 g5 18.Ng3 Bf4 19.Nb3 Ne5 20.Qxf5 Nc4 21.Qxd7+ Kxd7 22.Ne4 Re6
23.g3 Be3 24.h4 g4 25.Kg2 gxf3+ 26.Kxf3 Rce8 27.Nbc5+ bxc5 28.Nxc5+ Kd6 29.Nxe6 Rxe6
30.Rh2 Kd5 31.Rd1 Rf6+ 32.Kg4 Bf2 33.Rd3 Ke4 34.b3 Kxd3 35.bxc4 Kxc4 36.Kg5 Rg6+
37.Kf5 Bxg3 38.Rh3 Kxc3 39.d5 Kd4 40.h5 Rd6 41.Rxg3 Rxd5+ 42.Kf6 Rxh5 43.Ra3 a5
44.Kxf7 Rd5 45.Ke6 Rc5 46.Rh3 h5 47.Kd6 Rg5 48.Kc6 Ke4 49.Rh4+ Kf3 50.Kb6 Kg3
51.Rc4 h4 52.Rc3+ Kf2 53.a4 Rh5 54.Rc2+ Ke3 55.Rc3+ Kd4 56.Rf3 h3 57.Rf1 h2
58.Rh1 Kc4 59.Rxh2 Rxh2 60.Kxa5 Kc5 61.Ka6 Rh7  0-1

[Event "Dreifluesse op 7th"]
[Site "Passau"]
[Date "1999.04.04"]
[Round "5"]
[White "Monteforte Fink, Klaus"]
[Black "Korn, Alfred"]
[Result "1-0"]
[WhiteElo "1888"]
[BlackElo "1660"]

1.d4 Nf6 2.Bg5 Ne4 3.Bh4 g6 4.f3 Nf6 5.e4 d6 6.Nd2 Bg7 7.c3 O-O 8.Bd3 e5
9.d5 c6 10.c4 cxd5 11.cxd5 Qb6 12.Nc4 Qb4+ 13.Qd2 Qxd2+ 14.Kxd2 Rd8 15.g4 b6
16.Rc1 Ba6 17.Ne2 Nbd7 18.b4 Bf8 19.a3 Rac8 20.Rc3 Rc7 21.Bxf6 Nxf6 22.Nxe5 Rxc3
23.Nxc3 Bb7 24.Nc6 Bxc6 25.dxc6 Rc8 26.Nd5 Nxd5 27.exd5 Bh6+ 28.Kc3 Bf4 29.Ba6 Rc7
30.Bb7 Kg7 31.Kc4 Kf6 32.Kb5  1-0

[Event "Golden Cleopatra op 3rd"]
[Site "Cairo"]
[Date "1999.04.12"]
[Round "2"]
[White "Afifi, Assem"]
[Black "Yakovich, Yuri"]
[Result "1/2-1/2"]
[WhiteElo "2311"]
[BlackElo "2565"]

1.d4 Nf6 2.Bg5 Ne4 3.Bf4 c5 4.Nd2 Nxd2 5.Qxd2 cxd4 6.Bxb8 Rxb8 7.Nf3 Qb6
8.Qxd4 Qxd4 9.Nxd4 g6 10.e3 Bg7 11.c3 O-O 12.Be2 b5 13.a3 d5 14.O-O Bd7 15.Rfd1 e6
16.Nb3 Rfc8 17.f4 Be8 18.g4 Bf6 19.g5 Bd8 20.Kf2 a5 21.Nd4 Kf8 22.h4 h5 23.Bd3 Bc7
24.Nf3 Bb6 25.Ke2 Ke7 26.Kd2 b4 27.cxb4 axb4 28.axb4 Bd8 29.Ra7+ Rc7 30.Rda1 Rxb4
31.Rxc7+ Bxc7 32.Ra7 Kd6 33.Kc3 Ra4 34.Rxa4 Bxa4 35.b4 Bb6 36.Kd2 Be8 37.Ne5 Bd8
38.Kc3 Be7 39.Kd2 Bf8 40.Nf3 Bg7 41.Ba6 Ba4 42.Nd4 e5 43.Ne2 Bd7 44.Bd3 Bg4
45.Nc3 Be6 46.Ne2 Kc6 47.Ng3 Bg4 48.Ne2 Kb6 49.Nc3 Be6 50.Na4+ Kc6 51.Nc5 Bg4
52.Nb3 Bf8 53.b5+ Kb6 54.fxe5 Bg7 55.Ke1 Bxe5 56.Kf2 Bd7 57.Nd4 Kc5 58.Nc6 Bc7
59.Be2 Bf5 60.Bf1 Kd6 61.Be2 Bb6 62.Bf1 Be4 63.Be2 Ke6 64.Nd4+ Kd6 65.Nc6 Bc7
66.Bf1 Kc5 67.Be2 Bb1 68.Bf1 Ba2 69.Nd4 Bc4 70.Bh3 Be5 71.Bd7 Kd6 72.Be8 Ke7
73.Bc6 Bc7 74.Kf3 Bb6 75.Kf2 f6 76.gxf6+ Kxf6 77.Be8 Bd3 78.Bc6 Be4 79.Nf3  1/2-1/2

[Event "Golden Cleopatra op 3rd"]
[Site "Cairo"]
[Date "1999.04.14"]
[Round "4"]
[White "Abdul Wahab, A Rasheed"]
[Black "Yakovich, Yuri"]
[Result "0-1"]
[WhiteElo "2326"]
[BlackElo "2565"]

1.d4 Nf6 2.Bg5 Ne4 3.Bf4 c5 4.f3 Qa5+ 5.c3 Nf6 6.Nd2 cxd4 7.Nb3 Qf5 8.Bxb8 Rxb8
9.Qxd4 b6 10.e4 Qf4 11.Ne2 Qc7 12.e5 Ng8 13.O-O-O g6 14.e6 Nf6 15.exf7+ Kxf7
16.Kb1 Bb7 17.c4 Bg7 18.Qf4 Rhc8 19.Qxc7 Rxc7 20.Nc3 a6 21.Be2 e6 22.Rd2 d5
23.cxd5 Nxd5 24.Ne4 Ke7 25.g3 Rbc8 26.Bd3 Nb4 27.a3 Nxd3 28.Rxd3 Rc2 29.Rd2 Bxe4
30.fxe4 Rxd2 31.Nxd2 Rf8 32.Rf1 Rxf1+ 33.Nxf1 Kd6 34.Nd2 Ke5 35.Kc2 Kd4 36.g4 Bh6
37.g5 Bf8  0-1

[Event "Metz op"]
[Site "Metz"]
[Date "1999.04.20"]
[Round "4"]
[White "Magem Badals, Jorge"]
[Black "De la Riva Aguado, Oscar"]
[Result "1/2-1/2"]
[WhiteElo "2557"]
[BlackElo "2495"]

1.d4 Nf6 2.Bg5 Ne4 3.Bf4 d5 4.Nd2 Bf5 5.e3 Nxd2 6.Qxd2 e6 7.Nf3 Bd6 8.Bg3 O-O
9.Bd3 Bxd3 10.cxd3 Nc6  1/2-1/2